00909 2200325 4500001002100000005001500021007000300036008004100039020002200080035002000102040001700122041000800139082000800147084001400155090002000169100002600189245008200215250001700297264003700314300003800351336002100389337003000410338002300440504002500463650001400488700003900502850001000541990001600551990001600567INLIS00000000000764520260601091037ta260601 0  a978-979-010-429-7 a0010-0922000134 aSBPUPADbInd07aInd a630 a630 ZUL k a630 ZOE t L18-60 aZulkarnainePengarang1 aKultur Jaringan Tanaman :bSolusi Perbanyakan Tanaman Budi Daya /cZulkarnain a.-Ed.1,cet.3 a.--Jakarta :bBumi Aksara,c2014 axxvii, 250 hlm :billus, ;c23 cm 2rdacontentateks 2rdamediaatanpa perantara 2rdacarrieravolume aBibliografi ,hlm 185 4aPertanian0 aEditor, Rini RachmatikaePengarang aPUPAD a14583/Br-14 a14584/Br-14